| 000 | 00407nam a2200133Ia 4500 | ||
|---|---|---|---|
| 008 | 230917s9999||||xx |||||||||||||| ||und|| | ||
| 040 |
_e89799 _aMAIN |
||
| 041 | _aEnglish | ||
| 082 | _a617.96 B332D | ||
| 100 | _aBatra, Ajay | ||
| 245 | 0 | _aDouble blind study to compare the analgesic effect of ketorolac tromethamine and diclojenac sodium for relief of post-operative pain | |
| 300 | _a81 p. | ||
| 942 | _cTH | ||
| 999 |
_c79531 _d79531 |
||